000 01418cam a2200409 a 4500
001 000012987
005 20200929163120.0
008 990323s1998 ec b 000 0 spa
020 _a9978044426
040 _aDO-SdBNP
_bspa
_cLC
_dBNPHU
082 _a364.177
_bD784p, 1998
245 0 0 _aDrogas, poder y derechos humanos en América Latina /
_cMatin Jelsma (coordinador) ; Martin Jelsma ... [et al.] ; presentaciones Luis Alberto Luna Tobar y Elsie Monge.
250 _a2a ed.
260 _aQuito :
_bAbya-Yala,
_c1998.
300 _a233 p. ;
_c22 cm.
650 4 _aControl de drogas y narcóticos
_924289
650 4 _aCorrupción policial
_929943
651 4 _aAmérica Latina
_xFuerzas Armadas
_929944
650 4 _aDerechos humanos
_zAmérica Latina
_95136
700 1 _aJelsma, Martin.
_929945
700 1 _aSoberón, Ricardo.
_929946
700 1 _aRossi, Adriana.
_929947
700 1 _aRoncken, Theo.
_929948
700 1 _aSmyth, Frank.
_929949
700 1 _aFazio, Carlos.
_929950
700 1 _aMejía, Thelma.
_929951
700 1 _aBlixen, Samuel.
_929952
700 1 _aBrener, Jayme.
_929953
700 1 _aYoungers, Coletta.
_929954
700 1 _aVargas, Ricardo.
_929955
700 1 _aCelada, Edgar.
_929956
700 1 _aDávila, Sandra.
_929957
700 1 _aLuna Tobar, Luis Alberto.
_929958
700 1 _aMonge, Elsie.
_929959
910 _aCatalogación por copia / LC
049 _aBNGR
999 _c12634
_d12634